000 01043nam a22003377a 4500
001 00260
003 DO-SdBPM
005 20260324124504.0
007 ta
008 151105b2002 sp |||| 00| 0 spa d
020 _a8420700169
040 _aDO-SdBPM
_bspa
_cBPMSU
_erda
082 0 4 _a892
_bM394t 2002
_222
092 _a
_b
100 1 _aMas, Dimas,
_d1953-
_eautor
_4aut.
245 1 0 _aEl bello durmiente /
_bDimas Mas ; ilustración Federico Delicado
264 _aMadrid :
_bGrupo Anaya,
_c1992.
300 _a399 páginas :
_bilustración ;
_c21 cm.
336 _atexto
_btxt
_2rdacontent
337 _asin mediación
_bn
_2rdamedia
338 _avolumen
_bnc
_2rdacarrier
490 0 _aSopa de libros
500 _aIncluye referencias bibliográficas y notas al pie de las páginas.
504 _aBibliografía : p. 399
650 7 _aNovela marroquí
650 7 _aLiteratura marroquí
650 _a
700 1 _a Delicado, Federico
_eilustrador
910 _aVMateo V. Control de calidad. BPMSU
942 _2ddc
_cBK
999 _c15769
_d15769